[Event "18. Obert Pobla de Lillet 2008"]
[Site "La Pobla de Lillet ESP"]
[Date "2008.08.03"]
[Round "2.17"]
[White "Montero Montero, Juan J"]
[Black "Puig Zuza, Oriol"]
[Result "0-1"]
[WhiteElo "1705"]
[BlackElo "1776"]
[PlyCount "120"]
[EventDate "2008.08.02"]
[EventType "swiss"]
[EventRounds "9"]
[EventCountry "ESP"]
[SourceTitle "Ajedrez en Madrid"]
[Source "lmi"]
[SourceDate "2008.08.02"]
[SourceVersion "1"]
[SourceVersionDate "2020.06.30"]
[SourceQuality "1"]

1. e4 e6 2. d4 d5 3. e5 c5 4. c3 Nc6 5. Nf3 Qb6 6. Be2 cxd4 7. cxd4 Bb4+ 8. Nc3
Nge7 9. O-O Bxc3 10. bxc3 O-O 11. Ba3 Re8 12. Rb1 Qd8 13. Bb5 a6 14. Bxe7 Rxe7
15. Bxc6 bxc6 16. Qa4 Bd7 17. Rb2 c5 18. Qa3 cxd4 19. cxd4 Bb5 20. Rc1 Rc7 21.
Rbc2 Rac8 22. Rxc7 Rxc7 23. Ne1 Qc8 24. Rxc7 Qxc7 25. Qb4 Qc4 26. Qxc4 dxc4 27.
f4 Kf8 28. Kf2 Ke7 29. Ke3 f6 30. g4 g5 31. fxg5 fxg5 32. Kd2 Kd7 33. Nc2 Kc6
34. Ne3 Kb6 35. Kc3 Kb7 36. Nxc4 Bc6 37. a3 Bf3 38. Ne3 Kb6 39. Nc4+ Kc6 40.
Ne3 Kb5 41. Kb3 Kb6 42. Kb4 a5+ 43. Kc4 Be2+ 44. Kc3 Kc6 45. a4 Kb6 46. d5 exd5
47. Nxd5+ Kc5 48. e6 Bxg4 49. e7 Bd7 50. Nf6 Bxa4 51. e8=Q Bxe8 52. Nxe8 Kd5
53. Nf6+ Ke5 54. Nxh7 Kf4 55. Nf6 Kf3 56. Kb3 Kg2 57. Ka4 Kxh2 58. Ne4 g4 59.
Nf2 g3 60. Nd1 g2 0-1

[Event "18. Obert Pobla de Lillet 2008"]
[Site "La Pobla de Lillet ESP"]
[Date "2008.08.04"]
[Round "3.1"]
[White "Mirzoev, Azer"]
[Black "Ayza Ballester, Jordi"]
[Result "1-0"]
[WhiteElo "2565"]
[BlackElo "2277"]
[PlyCount "111"]
[EventDate "2008.08.02"]
[EventType "swiss"]
[EventRounds "9"]
[EventCountry "ESP"]
[SourceTitle "Ajedrez en Madrid"]
[Source "lmi"]
[SourceDate "2008.08.02"]
[SourceVersion "1"]
[SourceVersionDate "2020.06.30"]
[SourceQuality "1"]

1. d4 d5 2. c4 dxc4 3. e3 Nf6 4. Bxc4 e6 5. Nf3 Be7 6. O-O Nbd7 7. Nc3 a6 8. e4
b5 9. Bd3 b4 10. Na4 Bb7 11. Qe2 c5 12. e5 Nd5 13. Nxc5 Nxc5 14. dxc5 Qa5 15.
Ng5 Bxg5 16. Bxg5 Qxc5 17. Qg4 h5 18. Qh4 Qc7 19. Rfe1 Rc8 20. h3 Qb6 21. Rac1
Rxc1 22. Rxc1 g6 23. Rd1 Rg8 24. Bf6 Kd7 25. Bg5 Kc8 26. Be7 Kb8 27. Bd6+ Ka8
28. Rc1 Rc8 29. Rxc8+ Bxc8 30. Qc4 Bb7 31. Bc5 Qc6 32. Bf1 g5 33. Bd6 Qxc4 34.
Bxc4 Nf4 35. Bf1 a5 36. g3 Nd5 37. Bb5 f6 38. exf6 Nxf6 39. Bc7 Bd5 40. Bxa5
Bxa2 41. Bxb4 g4 42. h4 Bb1 43. Bc3 Nd5 44. Be8 Kb7 45. Bxh5 Bf5 46. Be8 Kc7
47. Kf1 Kd6 48. Ke2 e5 49. Bb5 e4 50. Kd2 Nb6 51. Bd4 Kc7 52. Ke2 Bg6 53. Be3
Nd7 54. Bxd7 Kxd7 55. Bc5 Ke6 56. Ke3 1-0

[Event "18. Obert Pobla de Lillet 2008"]
[Site "La Pobla de Lillet ESP"]
[Date "2008.08.04"]
[Round "3.2"]
[White "Capellades Subirana, Marc"]
[Black "Movsziszian, Karen"]
[Result "0-1"]
[WhiteElo "2265"]
[BlackElo "2560"]
[PlyCount "70"]
[EventDate "2008.08.02"]
[EventType "swiss"]
[EventRounds "9"]
[EventCountry "ESP"]
[SourceTitle "Ajedrez en Madrid"]
[Source "lmi"]
[SourceDate "2008.08.02"]
[SourceVersion "1"]
[SourceVersionDate "2020.06.30"]
[SourceQuality "1"]

1. e4 c5 2. Nf3 d6 3. d4 cxd4 4. Nxd4 Nf6 5. Nc3 a6 6. a4 g6 7. Be2 Bg7 8. Be3
O-O 9. O-O Nc6 10. Nxc6 bxc6 11. a5 Rb8 12. Bd3 d5 13. Bb6 Qd6 14. f4 e5 15.
exd5 Nxd5 16. Ne4 Qe6 17. Nc5 Qe7 18. Nxa6 Bxa6 19. Bxa6 Nxb6 20. axb6 Rxb6 21.
f5 gxf5 22. Rxf5 Qa7 23. Kh1 Rxa6 24. Rxa6 Qxa6 25. h4 Qc4 26. Qe1 Qxc2 27. Rg5
h6 28. Rxg7+ Kxg7 29. Qxe5+ Kh7 30. Qe7 Qc1+ 31. Kh2 Qf4+ 32. g3 Qf2+ 33. Kh3
Rg8 34. Qa3 Qf1+ 35. Kh2 Re8 0-1

[Event "18. Obert Pobla de Lillet 2008"]
[Site "La Pobla de Lillet ESP"]
[Date "2008.08.04"]
[Round "3.3"]
[White "Reinaldo Castiñeira, Roi"]
[Black "Tarrago Antoni, Maurici"]
[Result "0-1"]
[WhiteElo "2504"]
[BlackElo "2219"]
[PlyCount "68"]
[EventDate "2008.08.02"]
[EventType "swiss"]
[EventRounds "9"]
[EventCountry "ESP"]
[SourceTitle "Ajedrez en Madrid"]
[Source "lmi"]
[SourceDate "2008.08.02"]
[SourceVersion "1"]
[SourceVersionDate "2020.06.30"]
[SourceQuality "1"]

1. e4 c5 2. Nc3 Nc6 3. Nge2 e5 4. Nd5 Nf6 5. Nec3 d6 6. Bc4 Be7 7. O-O O-O 8.
d3 Nxd5 9. Nxd5 Bg5 10. f4 exf4 11. Bxf4 Bxf4 12. Rxf4 Ne5 13. Bb3 Qg5 14. Qf1
Be6 15. Nc7 Bxb3 16. axb3 Rad8 17. Rxa7 c4 18. bxc4 Nxd3 19. cxd3 Qc5+ 20. Qf2
Qxc7 21. Rf5 Qe7 22. Qb6 Rd7 23. h3 g6 24. Rf1 f5 25. exf5 gxf5 26. Ra5 f4 27.
Qb5 Qe3+ 28. Rf2 Qc1+ 29. Kh2 Rg7 30. Qd5+ Kh8 31. Qxd6 Rfg8 32. Qe5 f3 33. Rd5
fxg2 34. Rxg2 Qf4+ 0-1

[Event "18. Obert Pobla de Lillet 2008"]
[Site "La Pobla de Lillet ESP"]
[Date "2008.08.04"]
[Round "3.4"]
[White "Danelia, Mariam"]
[Black "Matnadze, Ana"]
[Result "1/2-1/2"]
[WhiteElo "2185"]
[BlackElo "2411"]
[PlyCount "71"]
[EventDate "2008.08.02"]
[EventType "swiss"]
[EventRounds "9"]
[EventCountry "ESP"]
[SourceTitle "Ajedrez en Madrid"]
[Source "lmi"]
[SourceDate "2008.08.02"]
[SourceVersion "1"]
[SourceVersionDate "2020.06.30"]
[SourceQuality "1"]

1. d4 Nf6 2. c4 e6 3. Nc3 Bb4 4. Qc2 d5 5. cxd5 Qxd5 6. Nf3 Qf5 7. Qxf5 exf5 8.
a3 Bd6 9. Bg5 Nbd7 10. e3 c6 11. Bd3 h6 12. Bh4 g6 13. O-O O-O 14. Nd2 Re8 15.
Rfe1 Nd5 16. Nxd5 cxd5 17. Bg3 Bxg3 18. hxg3 Nf6 19. Rac1 Be6 20. Rc7 Rab8 21.
Rec1 Red8 22. Kf1 Ne8 23. R7c3 Nd6 24. Ke2 Kf8 25. Rh1 h5 26. b3 a5 27. Rhc1 b5
28. Rc5 Ke7 29. Nb1 a4 30. b4 Nc4 31. Bxc4 dxc4 32. Nc3 Bd7 33. Rd1 Kd6 34. Re1
Bc6 35. f3 Re8 36. Kf2 1/2-1/2

[Event "18. Obert Pobla de Lillet 2008"]
[Site "La Pobla de Lillet ESP"]
[Date "2008.08.04"]
[Round "3.5"]
[White "Granados Gomez, Manuel"]
[Black "Martorell Aubanell, Adria"]
[Result "1/2-1/2"]
[WhiteElo "2407"]
[BlackElo "2159"]
[PlyCount "94"]
[EventDate "2008.08.02"]
[EventType "swiss"]
[EventRounds "9"]
[EventCountry "ESP"]
[SourceTitle "Ajedrez en Madrid"]
[Source "lmi"]
[SourceDate "2008.08.02"]
[SourceVersion "1"]
[SourceVersionDate "2020.06.30"]
[SourceQuality "1"]

1. d4 Nf6 2. c4 g6 3. Nc3 Bg7 4. e4 d6 5. Nge2 O-O 6. Ng3 c5 7. d5 Na6 8. Be2
Nc7 9. O-O e6 10. a4 exd5 11. cxd5 b6 12. f4 a6 13. Bf3 Rb8 14. Re1 Nd7 15. Be3
b5 16. e5 dxe5 17. f5 bxa4 18. Nxa4 Nb5 19. Nxc5 Nd4 20. Nxd7 Qxd7 21. Bxd4
exd4 22. Qd2 Bb7 23. Qf4 Qd8 24. Ne4 Bxd5 25. f6 Bh8 26. Rxa6 Rb6 27. Rxb6 Qxb6
28. Kh1 Qxb2 29. Rd1 Qb6 30. Ng5 Bxf3 31. Nxf3 Qxf6 32. Qe4 Rd8 33. Qd3 Re8 34.
Kg1 Qf4 35. g3 Qe3+ 36. Kf1 Bg7 37. Qxe3 dxe3 38. Ke2 f5 39. Rd3 Bh6 40. h4 Kf7
41. Ng5+ Bxg5 42. hxg5 Re4 43. Rd7+ Re7 44. Rxe7+ Kxe7 45. Kxe3 Ke6 46. Ke2 Kd6
47. Kd2 Ke6 1/2-1/2

[Event "18. Obert Pobla de Lillet 2008"]
[Site "La Pobla de Lillet ESP"]
[Date "2008.08.04"]
[Round "3.6"]
[White "Gonzalez Freixas, Alberto"]
[Black "Oms Fuentes, Lluis"]
[Result "0-1"]
[WhiteElo "2132"]
[BlackElo "2338"]
[PlyCount "60"]
[EventDate "2008.08.02"]
[EventType "swiss"]
[EventRounds "9"]
[EventCountry "ESP"]
[SourceTitle "Ajedrez en Madrid"]
[Source "lmi"]
[SourceDate "2008.08.02"]
[SourceVersion "1"]
[SourceVersionDate "2020.06.30"]
[SourceQuality "1"]

1. c4 e6 2. g3 d5 3. Bg2 Nf6 4. Nf3 c5 5. O-O Nc6 6. cxd5 exd5 7. d4 cxd4 8.
Nxd4 Be7 9. Nc3 O-O 10. b3 Bc5 11. Be3 Bb6 12. Rc1 Bg4 13. h3 Bh5 14. g4 Bxg4
15. hxg4 Nxg4 16. Nf5 d4 17. Bxc6 bxc6 18. Bxd4 Qg5 19. Ng3 Rad8 20. e3 f5 21.
Qe1 f4 22. exf4 Qh4 23. Qe6+ Kh8 24. Kg2 Rxd4 25. Rh1 Qf6 26. Qxg4 Rxf4 27.
Nce4 Rxg4 28. Nxf6 Rxf6 29. f3 Rg5 30. Rh5 Rfg6 0-1

[Event "18. Obert Pobla de Lillet 2008"]
[Site "La Pobla de Lillet ESP"]
[Date "2008.08.04"]
[Round "3.7"]
[White "Guramishvili, Sopiko"]
[Black "Martin Capitan, Feliciano"]
[Result "1-0"]
[WhiteElo "2302"]
[BlackElo "2132"]
[PlyCount "90"]
[EventDate "2008.08.02"]
[EventType "swiss"]
[EventRounds "9"]
[EventCountry "ESP"]
[SourceTitle "Ajedrez en Madrid"]
[Source "lmi"]
[SourceDate "2008.08.02"]
[SourceVersion "1"]
[SourceVersionDate "2020.06.30"]
[SourceQuality "1"]

1. d4 d5 2. c4 e6 3. Nc3 Bb4 4. cxd5 exd5 5. Nf3 Nf6 6. Bg5 c5 7. e3 Nbd7 8.
Bd3 Qa5 9. O-O c4 10. Bf5 O-O 11. Qc2 Re8 12. Nd2 g6 13. Bh3 Bxc3 14. Qxc3 Qxc3
15. bxc3 Kg7 16. Rab1 Nb6 17. Bxc8 Raxc8 18. f3 h6 19. Bxf6+ Kxf6 20. e4 Re7
21. Rb5 Rd7 22. Rfb1 Na4 23. Rc1 a6 24. Rxd5 Rxd5 25. exd5 b5 26. Kf2 Kg7 27.
d6 f5 28. Ke3 Re8+ 29. Kf4 Kf6 30. g4 Re2 31. gxf5 gxf5 32. Nf1 Nb2 33. Ra1
Nd3+ 34. Kg3 f4+ 35. Kg4 Ke6 36. a4 Kxd6 37. axb5 axb5 38. Ra6+ Kc7 39. Kf5 b4
40. Ra4 Rf2 41. cxb4 Rxf1 42. b5 Rb1 43. Ke4 Nb2 44. Rb4 c3 45. Kd5 c2 1-0

[Event "18. Obert Pobla de Lillet 2008"]
[Site "La Pobla de Lillet ESP"]
[Date "2008.08.04"]
[Round "3.8"]
[White "Puig Zuza, Oriol"]
[Black "Lopez Forn, Marc"]
[Result "0-1"]
[WhiteElo "1776"]
[BlackElo "1881"]
[PlyCount "44"]
[EventDate "2008.08.02"]
[EventType "swiss"]
[EventRounds "9"]
[EventCountry "ESP"]
[SourceTitle "Ajedrez en Madrid"]
[Source "lmi"]
[SourceDate "2008.08.02"]
[SourceVersion "1"]
[SourceVersionDate "2020.06.30"]
[SourceQuality "1"]

1. f4 e5 2. fxe5 d6 3. Nf3 dxe5 4. e4 Bc5 5. Nc3 Nc6 6. Bb5 Bd7 7. Bxc6 Bxc6 8.
Nxe5 Qd4 9. Nd3 Bd6 10. Nf2 O-O-O 11. d3 f5 12. Qf3 fxe4 13. Nfxe4 Nf6 14. Be3
Qb4 15. O-O Qxb2 16. Nxd6+ Rxd6 17. Qf5+ Kb8 18. Ne4 Nxe4 19. Rab1 Qe5 20. dxe4
Qxe4 21. Rf3 Rg6 22. Rbf1 Rf6 0-1

[Event "18. Obert Pobla de Lillet 2008"]
[Site "La Pobla de Lillet ESP"]
[Date "2008.08.04"]
[Round "3.9"]
[White "Torner I Planell, Josep Ramon"]
[Black "Gallart Zafra, Jaume"]
[Result "1/2-1/2"]
[WhiteElo "2133"]
[BlackElo "2185"]
[PlyCount "68"]
[EventDate "2008.08.02"]
[EventType "swiss"]
[EventRounds "9"]
[EventCountry "ESP"]
[SourceTitle "Ajedrez en Madrid"]
[Source "lmi"]
[SourceDate "2008.08.02"]
[SourceVersion "1"]
[SourceVersionDate "2020.06.30"]
[SourceQuality "1"]

1. e4 e5 2. Nf3 Nc6 3. Bb5 a6 4. Bxc6 dxc6 5. O-O f6 6. d4 Bg4 7. c3 Qd7 8. h3
Bxf3 9. Qxf3 exd4 10. cxd4 O-O-O 11. Be3 g5 12. Nc3 h5 13. Qe2 g4 14. h4 Ne7
15. Rfd1 f5 16. d5 cxd5 17. Nxd5 Qe6 18. Rac1 Nxd5 19. exd5 Rxd5 20. Rxd5 Qxd5
21. Rd1 Qe4 22. Rd4 Qb1+ 23. Rd1 Qe4 24. Rd4 Qe8 25. Qd3 Bd6 26. Qxf5+ Kb8 27.
Re4 Qc6 28. g3 Rf8 29. Qg6 b6 30. Bf4 Qd5 31. Re8+ Kb7 32. Rxf8 Bxf8 33. Qh7
Bd6 34. Bxd6 Qxd6 1/2-1/2

[Event "18. Obert Pobla de Lillet 2008"]
[Site "La Pobla de Lillet ESP"]
[Date "2008.08.04"]
[Round "3.10"]
[White "Perez Campos, Adria"]
[Black "Garcia Galeote, Lorenzo"]
[Result "1/2-1/2"]
[WhiteElo "2206"]
[BlackElo "2037"]
[PlyCount "72"]
[EventDate "2008.08.02"]
[EventType "swiss"]
[EventRounds "9"]
[EventCountry "ESP"]
[SourceTitle "Ajedrez en Madrid"]
[Source "lmi"]
[SourceDate "2008.08.02"]
[SourceVersion "1"]
[SourceVersionDate "2020.06.30"]
[SourceQuality "1"]

1. c4 e6 2. Nc3 d5 3. d4 Nf6 4. Bg5 Nbd7 5. cxd5 exd5 6. Qc2 c6 7. e3 Be7 8.
Bd3 Nh5 9. Bxe7 Qxe7 10. Nge2 g6 11. g4 Ng7 12. Nf4 Nb6 13. Rg1 Ne6 14. O-O-O
Bd7 15. Kb1 Nxf4 16. exf4 O-O-O 17. Rge1 Qb4 18. f5 Rhe8 19. a3 Qf8 20. f4 Rxe1
21. Rxe1 Re8 22. Qf2 Rxe1+ 23. Qxe1 gxf5 24. g5 f6 25. h4 Qg7 26. Qg1 Qg6 27.
h5 Qxh5 28. gxf6 Be8 29. Qg7 Qg6 30. Qe7 Nd7 31. Na4 Nxf6 32. Nc5 Bd7 33. Qf8+
Be8 34. Qe7 Bd7 35. Qf8+ Be8 36. Qe7 Bd7 1/2-1/2

[Event "18. Obert Pobla de Lillet 2008"]
[Site "La Pobla de Lillet ESP"]
[Date "2008.08.04"]
[Round "3.23"]
[White "Montero Montero, Juan J"]
[Black "Torner Planell, Jordi"]
[Result "1-0"]
[WhiteElo "1705"]
[BlackElo "1946"]
[PlyCount "63"]
[EventDate "2008.08.02"]
[EventType "swiss"]
[EventRounds "9"]
[EventCountry "ESP"]
[SourceTitle "Ajedrez en Madrid"]
[Source "lmi"]
[SourceDate "2008.08.02"]
[SourceVersion "1"]
[SourceVersionDate "2020.06.30"]
[SourceQuality "1"]

1. e4 d6 2. Nf3 e5 3. Bc4 Be7 4. c3 Nf6 5. d3 Bg4 6. Be3 O-O 7. Nbd2 c6 8. O-O
d5 9. exd5 cxd5 10. Bb3 e4 11. dxe4 dxe4 12. h3 exf3 13. hxg4 Nxg4 14. Qxf3
Nxe3 15. Qxe3 Bg5 16. f4 Be7 17. Rad1 Qc7 18. Nf3 Bc5 19. Nd4 Nc6 20. Qf3 Rad8
21. Bd5 Rd6 22. Bxc6 Rxc6 23. g3 Qb6 24. b4 Bxd4+ 25. Rxd4 Rfc8 26. Kg2 Rxc3
27. Qe4 a6 28. Rfd1 Rc2+ 29. R1d2 Rxd2+ 30. Rxd2 Qb5 31. a3 Rc1 32. Rd8+ 1-0

[Event "18. Obert Pobla de Lillet 2008"]
[Site "La Pobla de Lillet ESP"]
[Date "2008.08.05"]
[Round "4.1"]
[White "Oms Fuentes, Lluis"]
[Black "Mirzoev, Azer"]
[Result "0-1"]
[WhiteElo "2338"]
[BlackElo "2565"]
[PlyCount "74"]
[EventDate "2008.08.02"]
[EventType "swiss"]
[EventRounds "9"]
[EventCountry "ESP"]
[SourceTitle "Ajedrez en Madrid"]
[Source "lmi"]
[SourceDate "2008.08.02"]
[SourceVersion "1"]
[SourceVersionDate "2020.06.30"]
[SourceQuality "1"]

1. e4 e6 2. d4 d5 3. Nc3 Bb4 4. exd5 exd5 5. a3 Bxc3+ 6. bxc3 Nf6 7. Bd3 Bg4 8.
f3 Bh5 9. Ne2 Bg6 10. O-O O-O 11. Nf4 Bxd3 12. cxd3 Nc6 13. Ra2 Re8 14. g4 Qd6
15. Re1 Rxe1+ 16. Qxe1 Re8 17. Re2 Rxe2 18. Nxe2 Qe7 19. Qf2 Nd7 20. h4 Nb6 21.
h5 Na4 22. h6 g6 23. Qf1 f6 24. Qd1 Nb6 25. Kf2 Nd8 26. Qb3 Nf7 27. Ng3 Qd7 28.
Qb4 Qd6 29. Bd2 Qxb4 30. axb4 Kf8 31. Ke2 Ke7 32. Kd1 Kd7 33. Kc2 c6 34. Kb3
Nc8 35. c4 Ne7 36. Ne2 b5 37. Nf4 Ng5 0-1

[Event "18. Obert Pobla de Lillet 2008"]
[Site "La Pobla de Lillet ESP"]
[Date "2008.08.05"]
[Round "4.2"]
[White "Movsziszian, Karen"]
[Black "Guramishvili, Sopiko"]
[Result "1-0"]
[WhiteElo "2560"]
[BlackElo "2302"]
[PlyCount "73"]
[EventDate "2008.08.02"]
[EventType "swiss"]
[EventRounds "9"]
[EventCountry "ESP"]
[SourceTitle "Ajedrez en Madrid"]
[Source "lmi"]
[SourceDate "2008.08.02"]
[SourceVersion "1"]
[SourceVersionDate "2020.06.30"]
[SourceQuality "1"]

1. g3 Nf6 2. Bg2 d6 3. e4 c5 4. d3 Nc6 5. f4 e5 6. Nf3 exf4 7. Bxf4 d5 8. Nc3
d4 9. Ne2 h6 10. O-O Be6 11. c4 g5 12. Bd2 Bg7 13. a3 Ng4 14. b4 cxb4 15. axb4
Ne3 16. Bxe3 dxe3 17. Rb1 O-O 18. b5 Ne7 19. Ne1 a5 20. bxa6 Rxa6 21. Qc1 Rb6
22. Rxb6 Qxb6 23. c5 Qb3 24. Qxe3 Rd8 25. Kh1 Nc6 26. h4 Bg4 27. hxg5 hxg5 28.
Nc1 Qe6 29. Qxg5 Kf8 30. Bf3 Bxf3+ 31. Nxf3 Bh6 32. Qh4 Bxc1 33. Rxc1 Rxd3 34.
Rf1 Qg6 35. Ng5 Rd7 36. Qh8+ Ke7 37. Rxf7+ 1-0

[Event "18. Obert Pobla de Lillet 2008"]
[Site "La Pobla de Lillet ESP"]
[Date "2008.08.05"]
[Round "4.3"]
[White "Tarrago Antoni, Maurici"]
[Black "Matnadze, Ana"]
[Result "0-1"]
[WhiteElo "2219"]
[BlackElo "2411"]
[PlyCount "111"]
[EventDate "2008.08.02"]
[EventType "swiss"]
[EventRounds "9"]
[EventCountry "ESP"]
[SourceTitle "Ajedrez en Madrid"]
[Source "lmi"]
[SourceDate "2008.08.02"]
[SourceVersion "1"]
[SourceVersionDate "2020.06.30"]
[SourceQuality "1"]

1. Nf3 Nf6 2. c4 e6 3. g3 b6 4. Bg2 Bb7 5. b3 Be7 6. Bb2 O-O 7. O-O c5 8. e3 d5
9. Nc3 Nc6 10. cxd5 exd5 11. d4 Ne4 12. dxc5 Bf6 13. Nd4 Nxd4 14. exd4 bxc5 15.
Na4 Rc8 16. dxc5 Bxb2 17. Nxb2 Qf6 18. Bxe4 dxe4 19. Nc4 Rxc5 20. Qd6 Qf3 21.
Ne3 Rcc8 22. Rac1 Rcd8 23. Qc7 Ba6 24. Rfd1 Bd3 25. Qc5 a6 26. Qf5 g6 27. Qxf3
exf3 28. g4 f5 29. gxf5 gxf5 30. h3 f4 31. Nc4 Be2 32. Rxd8 Rxd8 33. h4 Kf7 34.
Kh2 Rg8 35. Rg1 Rxg1 36. Kxg1 Kf6 37. Na5 Kf5 38. b4 Ke5 39. h5 Bb5 40. Kh2 Kd4
41. Kh3 Kd3 42. Kg4 Ke2 43. Kxf4 Kxf2 44. Nb3 Kg2 45. Nd2 f2 46. Kg5 f1=Q 47.
Nxf1 Kxf1 48. Kh6 Ke2 49. Kxh7 Kd3 50. Kg7 Kc3 51. h6 Bd3 52. Kf6 Kxb4 53. Ke5
a5 54. Kd4 Bh7 55. Kd5 a4 56. Kc6 0-1

[Event "18. Obert Pobla de Lillet 2008"]
[Site "La Pobla de Lillet ESP"]
[Date "2008.08.05"]
[Round "4.5"]
[White "Martorell Aubanell, Adria"]
[Black "Danelia, Mariam"]
[Result "0-1"]
[WhiteElo "2159"]
[BlackElo "2185"]
[PlyCount "70"]
[EventDate "2008.08.02"]
[EventType "swiss"]
[EventRounds "9"]
[EventCountry "ESP"]
[SourceTitle "Ajedrez en Madrid"]
[Source "lmi"]
[SourceDate "2008.08.02"]
[SourceVersion "1"]
[SourceVersionDate "2020.06.30"]
[SourceQuality "1"]

1. e4 c5 2. Nf3 d6 3. d4 cxd4 4. Nxd4 Nf6 5. Nc3 a6 6. g3 e5 7. Nde2 Be7 8. Bg2
O-O 9. O-O Nbd7 10. h3 b5 11. g4 Nb6 12. Ng3 b4 13. Nd5 Nfxd5 14. exd5 Bg5 15.
Bxg5 Qxg5 16. Qd3 Bd7 17. Qe4 a5 18. a3 bxa3 19. Rxa3 Rfc8 20. b3 Qd2 21. c4 a4
22. Qb1 Qb4 23. bxa4 Qxa3 24. Qxb6 Rab8 25. Qa6 Ra8 26. Qb6 Rxc4 27. Ne4 Rcxa4
28. Qxd6 Qxd6 29. Nxd6 Ra1 30. Rxa1 Rxa1+ 31. Kh2 Kf8 32. Nc4 f6 33. Ne3 Ra4
34. Bf1 Rd4 35. Kg3 g6 0-1

[Event "18. Obert Pobla de Lillet 2008"]
[Site "La Pobla de Lillet ESP"]
[Date "2008.08.05"]
[Round "4.6"]
[White "Canal Sala, Llorenc"]
[Black "Reinaldo Castiñeira, Roi"]
[Result "0-1"]
[WhiteElo "2071"]
[BlackElo "2504"]
[PlyCount "138"]
[EventDate "2008.08.02"]
[EventType "swiss"]
[EventRounds "9"]
[EventCountry "ESP"]
[SourceTitle "Ajedrez en Madrid"]
[Source "lmi"]
[SourceDate "2008.08.02"]
[SourceVersion "1"]
[SourceVersionDate "2020.06.30"]
[SourceQuality "1"]

1. d4 e6 2. c4 c5 3. d5 exd5 4. cxd5 Bd6 5. Nc3 Nf6 6. Nf3 Bc7 7. e4 d6 8. Bd3
a6 9. a4 O-O 10. O-O Re8 11. Re1 Nbd7 12. Bg5 h6 13. Bh4 Nf8 14. h3 Ng6 15. Bg3
Nh5 16. Bh2 Nhf4 17. Ne2 Qf6 18. Nxf4 Nxf4 19. Bxf4 Qxf4 20. Qd2 Qf6 21. Qc3
Bd7 22. Qxf6 gxf6 23. a5 Bb5 24. Bc2 f5 25. Re3 fxe4 26. Bxe4 Bd8 27. b3 Bd7
28. Bd3 Bf6 29. Ra2 Kg7 30. Kf1 Bb5 31. Bc4 Rxe3 32. fxe3 Re8 33. Kf2 Bd7 34.
Bd3 Bd8 35. Nd2 Bh4+ 36. Kf3 Re5 37. e4 Rg5 38. Nf1 Be1 39. Ra1 Bc3 40. Ra2 h5
41. Ne3 h4 42. Nf5+ Bxf5 43. exf5 Kf6 44. Kf4 Be5+ 45. Kf3 Rg3+ 46. Ke4 Bd4 47.
Re2 Bc3 48. Ra2 Rg8 49. Kf4 Be1 50. Ke4 Re8+ 51. Kf3 Bc3 52. Kf4 Re1 53. Be2
Bxa5 54. Kg4 Bd8 55. Kxh4 Kxf5+ 56. Kh5 Ke5 57. Bg4 f5 58. Re2+ Rxe2 59. Bxe2
b5 60. Bf3 a5 61. Be2 a4 62. bxa4 bxa4 63. Bd1 a3 64. Bb3 Kd4 65. Kg6 c4 66.
Ba2 c3 67. Bb1 f4 68. Kf5 Ke3 69. Kg4 c2 0-1

[Event "18. Obert Pobla de Lillet 2008"]
[Site "La Pobla de Lillet ESP"]
[Date "2008.08.05"]
[Round "4.7"]
[White "Ayza Ballester, Jordi"]
[Black "Guasch Murtra, Josep M|_"]
[Result "1-0"]
[WhiteElo "2277"]
[BlackElo "2038"]
[PlyCount "43"]
[EventDate "2008.08.02"]
[EventType "swiss"]
[EventRounds "9"]
[EventCountry "ESP"]
[SourceTitle "Ajedrez en Madrid"]
[Source "lmi"]
[SourceDate "2008.08.02"]
[SourceVersion "1"]
[SourceVersionDate "2020.06.30"]
[SourceQuality "1"]

1. e4 e5 2. Nf3 Nc6 3. Bb5 a6 4. Ba4 Nf6 5. d4 b5 6. dxe5 bxa4 7. exf6 gxf6 8.
O-O Rg8 9. Nd4 Nxd4 10. Qxd4 Rb8 11. Nc3 Rb4 12. Qd3 c6 13. a3 Rb8 14. Bf4 d6
15. Rad1 Rxb2 16. e5 fxe5 17. Bxe5 Qg5 18. Bg3 Bf5 19. Rfe1+ Kd7 20. Qxa6 Qd8
21. Nxa4 Rb5 22. c4 1-0

[Event "18. Obert Pobla de Lillet 2008"]
[Site "La Pobla de Lillet ESP"]
[Date "2008.08.05"]
[Round "4.8"]
[White "Basas Gamazo, Josep"]
[Black "Capellades Subirana, Marc"]
[Result "0-1"]
[WhiteElo "2072"]
[BlackElo "2265"]
[PlyCount "58"]
[EventDate "2008.08.02"]
[EventType "swiss"]
[EventRounds "9"]
[EventCountry "ESP"]
[SourceTitle "Ajedrez en Madrid"]
[Source "lmi"]
[SourceDate "2008.08.02"]
[SourceVersion "1"]
[SourceVersionDate "2020.06.30"]
[SourceQuality "1"]

1. e4 e5 2. Nf3 Nc6 3. Bb5 a6 4. Ba4 Bc5 5. c3 d6 6. O-O Bd7 7. d4 Ba7 8. Bg5
f6 9. Be3 Nge7 10. Nbd2 O-O 11. Bb3+ Kh8 12. Qe2 Ng6 13. Nc4 Bg4 14. Rad1 Nh4
15. d5 Qe8 16. dxc6 Bxf3 17. Qxf3 Nxf3+ 18. gxf3 Qxc6 19. Bxa7 Rxa7 20. Ne3 g6
21. Kh1 f5 22. Rg1 fxe4 23. Bd5 Qb5 24. Bxe4 Raa8 25. Rg2 Rf7 26. Rdg1 Raf8 27.
Ng4 Kg7 28. Ne3 Rxf3 29. Bxf3 Rxf3 0-1

[Event "18. Obert Pobla de Lillet 2008"]
[Site "La Pobla de Lillet ESP"]
[Date "2008.08.05"]
[Round "4.10"]
[White "Martin Capitan, Feliciano"]
[Black "Viñals Rioja, Jaume"]
[Result "1-0"]
[WhiteElo "2132"]
[BlackElo "2022"]
[PlyCount "39"]
[EventDate "2008.08.02"]
[EventType "swiss"]
[EventRounds "9"]
[EventCountry "ESP"]
[SourceTitle "Ajedrez en Madrid"]
[Source "lmi"]
[SourceDate "2008.08.02"]
[SourceVersion "1"]
[SourceVersionDate "2020.06.30"]
[SourceQuality "1"]

1. d4 d5 2. c4 c6 3. cxd5 cxd5 4. Nc3 Nf6 5. Bg5 Nc6 6. e3 h6 7. Bh4 e6 8. Bd3
Qb6 9. Nge2 Bd7 10. O-O Na5 11. f3 Rc8 12. b3 Bb4 13. Rc1 a6 14. Kh1 Ba3 15.
Rc2 Nc6 16. Na4 Qa7 17. Nc5 Nb4 18. Nxd7 Nxc2 19. Nxf6+ gxf6 20. Bxc2 1-0